Taxation in Kenya : (Record no. 1089)
| 000 -LEADER | |
|---|---|
| fixed length control field | 00999cam a2200301 a 4500 |
| 001 - CONTROL NUMBER | |
| control field | 12031325 |
| 003 - CONTROL NUMBER IDENTIFIER | |
| control field | OSt |
| 005 - DATE AND TIME OF LATEST TRANSACTION | |
| control field | 20140116120845.0 |
| 008 - FIXED-LENGTH DATA ELEMENTS--GENERAL INFORMATION | |
| fixed length control field | 991108s1999 ke a 001 0 eng |
| 010 ## - LIBRARY OF CONGRESS CONTROL NUMBER | |
| LC control number | 99893036 |
| 035 ## - SYSTEM CONTROL NUMBER | |
| System control number | (DLC) 99893036 |
| 040 ## - CATALOGING SOURCE | |
| Original cataloging agency | DLC |
| Transcribing agency | DLC |
| Modifying agency | DLC |
| 042 ## - AUTHENTICATION CODE | |
| Authentication code | lcode |
| 043 ## - GEOGRAPHIC AREA CODE | |
| Geographic area code | f-ke--- |
| 050 00 - LIBRARY OF CONGRESS CALL NUMBER | |
| Classification number | HJ3043.S56 2008 |
| 082 00 - DEWEY DECIMAL CLASSIFICATION NUMBER | |
| Classification number | 336.2/0096762 |
| Edition number | 21 |
| 100 1# - MAIN ENTRY--PERSONAL NAME | |
| Personal name | Simiyu, N. T. T. |
| 245 10 - TITLE STATEMENT | |
| Title | Taxation in Kenya : |
| Remainder of title | (principles, practice & case law), including KASNEB questions and suggested answers / |
| Statement of responsibility, etc | Nicholas T.T. Simiyu. |
| 250 ## - EDITION STATEMENT | |
| Edition statement | Rev. and updated, 3rd ed. |
| 260 ## - PUBLICATION, DISTRIBUTION, ETC. (IMPRINT) | |
| Place of publication, distribution, etc | Nairobi : |
| Name of publisher, distributor, etc | Profesco Business Trainers, |
| Date of publication, distribution, etc | 1999. |
| 300 ## - PHYSICAL DESCRIPTION | |
| Extent | iii, 398 p. : |
| Other physical details | ill., ; |
| Dimensions | 21 cm. |
| 500 ## - GENERAL NOTE | |
| General note | Cover title. |
| 500 ## - GENERAL NOTE | |
| General note | Includes index. |
| 650 #0 - SUBJECT ADDED ENTRY--TOPICAL TERM | |
| Topical term or geographic name as entry element | Taxation |
| Geographic subdivision | Kenya. |
| 906 ## - LOCAL DATA ELEMENT F, LDF (RLIN) | |
| a | 7 |
| b | cbc |
| c | origode |
| d | 3 |
| e | ncip |
| f | 19 |
| g | y-gencatlg |
| 942 ## - ADDED ENTRY ELEMENTS (KOHA) | |
| Source of classification or shelving scheme | |
| Koha item type | Book |
| Withdrawn status | Lost status | Source of classification or shelving scheme | Damaged status | Not for loan | Home library | Current library | Date acquired | Total Checkouts | Total Renewals | Full call number | Barcode | Date last seen | Date checked out | Copy number | Price effective from | Koha item type |
|---|---|---|---|---|---|---|---|---|---|---|---|---|---|---|---|---|
| Riara University Library | Riara University Library | 16/01/2013 | 28 | 5 | HJ3043.S56 2008 | 3717/12 | 23/02/2024 | 16/02/2024 | C.1 | 16/01/2013 | Book | |||||
| Riara University Library | Riara University Library | 16/01/2013 | 37 | 4 | HJ3043.S56 2008 | 3716/12 | 23/07/2019 | 22/07/2019 | C.2 | 16/01/2013 | Book | |||||
| Riara University Library | Riara University Library | 16/01/2013 | 19 | 6 | HJ3043.S56 2008 | 3718/12 | 08/11/2023 | 25/10/2023 | C.3 | 16/01/2013 | Book |
